Modeling messages : (Record no. 353811)

000 -LEADER
fixed length control field 01397cam a22003374a 4500
001 - CONTROL NUMBER
control field 13757728
003 - CONTROL NUMBER IDENTIFIER
control field OSt
005 - DATE AND TIME OF LATEST TRANSACTION
control field 20180116192418.0
008 - FIXED-LENGTH DATA ELEMENTS--GENERAL INFORMATION
fixed length control field 041021s2005 nyua b 001 0 eng
010 ## - LIBRARY OF CONGRESS CONTROL NUMBER
LC control number 2004025130
020 ## - INTERNATIONAL STANDARD BOOK NUMBER
International Standard Book Number 1580931286 (alk. paper)
035 ## - SYSTEM CONTROL NUMBER
System control number (OCoLC)ocm56809648
040 ## - CATALOGING SOURCE
Original cataloging agency DLC
Transcribing agency DLC
Modifying agency YDX
-- BAKER
-- MUQ
-- DLC
042 ## - AUTHENTICATION CODE
Authentication code pcc
050 00 - LIBRARY OF CONGRESS CALL NUMBER
Classification number NA2790
Item number .M597 2005
082 00 - DEWEY DECIMAL CLASSIFICATION NUMBER
Classification number 720.228
Edition number 22
100 1# - MAIN ENTRY--PERSONAL NAME
Personal name Moon, Karen.
9 (RLIN) 7015
245 10 - TITLE STATEMENT
Title Modeling messages :
Remainder of title the architect and the model /
Statement of responsibility, etc. Karen Moon.
260 ## - PUBLICATION, DISTRIBUTION, ETC.
Place of publication, distribution, etc. New York :
Name of publisher, distributor, etc. Monacelli Press,
Date of publication, distribution, etc. 2005.
300 ## - PHYSICAL DESCRIPTION
Extent 239 p. :
Other physical details ill. (some col.) ;
Dimensions 23 cm.
504 ## - BIBLIOGRAPHY, ETC. NOTE
Bibliography, etc. note Includes bibliographical references (p. [214]-231) and index.
505 0# - FORMATTED CONTENTS NOTE
Formatted contents note The model defined -- A common thread -- A question of scale -- Vision -- Communication: idea and identity -- Makers -- Material matters -- A process of change.
650 #0 - SUBJECT ADDED ENTRY--TOPICAL TERM
Topical term or geographic name entry element Architectural models.
9 (RLIN) 7016
650 #0 - SUBJECT ADDED ENTRY--TOPICAL TERM
Topical term or geographic name entry element Architectural models
General subdivision History
Chronological subdivision 20th century.
9 (RLIN) 7017
650 #0 - SUBJECT ADDED ENTRY--TOPICAL TERM
Topical term or geographic name entry element Architecture
Form subdivision Designs and plans.
9 (RLIN) 7018
856 41 - ELECTRONIC LOCATION AND ACCESS
Materials specified Table of contents
Uniform Resource Identifier <a href="http://www.loc.gov/catdir/toc/ecip052/2004025130.html">http://www.loc.gov/catdir/toc/ecip052/2004025130.html</a>
906 ## - LOCAL DATA ELEMENT F, LDF (RLIN)
a 7
b cbc
c orignew
d 1
e ecip
f 20
g y-gencatlg
942 ## - ADDED ENTRY ELEMENTS (KOHA)
Source of classification or shelving scheme
Koha item type Book
Holdings
Withdrawn status Lost status Source of classification or shelving scheme Damaged status Not for loan Permanent Location Current Location Date acquired Total Checkouts Total Renewals Full call number Barcode Date last seen Date last checked out Cost, replacement price Price effective from Koha item type
          School of Art Design and Architecture (SADA) School of Art Design and Architecture (SADA) 06/20/2013 2 1 720.228 MOO 2005 SADA0002078 04/26/2016 03/17/2016 3448.39 08/22/2013 Book
© 2023 Central Library, National University of Sciences and Technology. All Rights Reserved.